[Event "FIN-chT 2223"]
[Site "Finland"]
[Date "2022.10.16"]
[Round "4.8"]
[White "Vihinen, Teemu"]
[Black "Remes, Marko"]
[Result "0-1"]
[WhiteElo "2126"]
[BlackElo "1948"]
[PlyCount "98"]
[EventDate "2022.09.24"]
[EventType "team-tourn"]
[EventRounds "11"]
[EventCountry "FIN"]
[SourceTitle "EXT 2024"]
[Source "ChessBase"]
[SourceDate "2023.10.10"]
[SourceVersion "1"]
[SourceVersionDate "2023.10.10"]
[SourceQuality "1"]
[WhiteTeam "Vantaa EtVaS"]
[BlackTeam "Jyvaskyla JyS"]
[WhiteTeamCountry "FIN"]
[BlackTeamCountry "FIN"]

1. e4 e5 2. Nf3 Nc6 3. Bb5 a6 4. Ba4 Nf6 5. 0-0 Be7 6. d3 d6 7. c3 0-0 8. Nbd2 b5 9. Bc2 Bb7 10. Re1 Re8 11. Nf1 h6 12. Ng3 Bf8 13. d4 g6 14. b3 Bg7 15. d5 Nb8 16. c4 bxc4 17. bxc4 Nbd7 18. Ba4 Rf8 19. Rb1 Rb8 20. Re2 Bc8 21. Rxb8 Nxb8 22. Ne1 Nbd7 23. Nd3 Nh7 24. Rc2 f5 25. f3 Ndf6 26. c5 fxe4 27. fxe4 Ng4 28. Qe1 Qh4 29. h3 Ngf6 30. Re2 Ng5 31. Bxg5 hxg5 32. Nf1 Qh5 33. Bd1 g4 34. Re3 Bh6 35. Rg3 Bf4 36. Nxf4 exf4 37. hxg4 Qh4 38. Re3 Qg5 39. Rd3 Bxg4 40. cxd6 cxd6 41. Nd2 Re8 42. Bc2 Nd7 43. Qf2 Ne5 44. Rc3 f3 45. Nc4 Qc1+ 46. Qf1 f2+ 47. Kxf2 Rf8+ 48. Rf3 Qxf1+ 49. Kxf1 Nxc4 0-1

[Event "FIN-chT 2022"]
[Site "Finland"]
[Date "2020.09.12"]
[Round "1.8"]
[White "Vihinen, Teemu"]
[Black "Salonen, Mikko"]
[Result "1-0"]
[WhiteElo "2135"]
[BlackElo "2073"]
[PlyCount "81"]
[EventDate "2020.09.12"]
[EventType "team-tourn"]
[EventRounds "11"]
[EventCountry "FIN"]
[SourceTitle "EXT 2023"]
[Source "ChessBase"]
[SourceDate "2022.10.05"]
[SourceVersion "1"]
[SourceVersionDate "2022.10.05"]
[SourceQuality "1"]
[WhiteTeam "Vantaa EtVaS"]
[BlackTeam "Sastamala VammSK"]
[WhiteTeamCountry "FIN"]
[BlackTeamCountry "FIN"]

1. e4 e5 2. Nf3 Nc6 3. Bb5 a6 4. Ba4 Nf6 5. 0-0 Be7 6. d3 b5 7. Bb3 d6 8. a3 Bg4 9. Be3 Nd4 10. Bxd4 exd4 11. h3 Bxf3 12. Qxf3 0-0 13. c3 dxc3 14. Nxc3 Nd7 15. Nd5 c5 16. Rfd1 Ne5 17. Qe2 Nc6 18. Rf1 Nd4 19. Qd1 Kh8 20. Ba2 a5 21. a4 Rb8 22. axb5 Rxb5 23. Qd2 Bf6 24. Rfb1 Rb7 25. Bc4 Ra7 26. Ra2 Qa8 27. Rba1 a4 28. Nxf6 gxf6 29. Qh6 Kg8 30. Qxf6 Nc2 31. Rc1 Nd4 32. Re1 Qd8 33. Qxd8 Rxd8 34. Rea1 Rb7 35. Rxa4 Rxb2 36. Ra7 Nc6 37. Rxf7 d5 38. Bxd5 Rxd5 39. Rc7 Rd6 40. e5 Rg6 41. Ra8+ 1-0

[Event "Helsinki MatSK op"]
[Site "Helsinki"]
[Date "2020.02.23"]
[Round "7"]
[White "Vihinen, Teemu"]
[Black "Keinanen, Toivo"]
[Result "1/2-1/2"]
[WhiteElo "2128"]
[BlackElo "2462"]
[PlyCount "117"]
[EventDate "2020.02.21"]
[EventType "swiss"]
[EventRounds "7"]
[EventCountry "FIN"]
[SourceTitle "CBM 195 Extra"]
[Source "ChessBase"]
[SourceDate "2020.05.31"]
[SourceVersion "1"]
[SourceVersionDate "2020.05.31"]
[SourceQuality "1"]

1. e4 d6 2. d4 Nf6 3. Nc3 g6 4. g3 Bg7 5. Bg2 0-0 6. Nge2 Nbd7 7. 0-0 c5 8. d5 a6 9. a4 b6 10. Bf4 Ne5 11. Qc1 Bd7 12. Bh6 Bxh6 13. Qxh6 b5 14. Qc1 Qb6 15. Kh1 c4 16. axb5 axb5 17. Rxa8 Rxa8 18. f4 Neg4 19. Nd1 h5 20. h3 Nh6 21. c3 Kg7 22. Nd4 b4 23. e5 Nh7 24. e6 Be8 25. Qe3 Qb7 26. f5 f6 27. Qe2 bxc3 28. bxc3 gxf5 29. Ne3 Bg6 30. Qxc4 Ng5 31. Nexf5+ Nxf5 32. Nxf5+ Bxf5 33. Rxf5 Ra1+ 34. Rf1 Rxf1+ 35. Qxf1 Qb2 36. h4 Nh7 37. Qf3 Qb1+ 38. Kh2 f5 39. Qxh5 Nf6 40. Qf7+ Kh8 41. Qf8+ Ng8 42. Qe8 Qd1 43. Qg6 Nf6 44. Qxf5 Qe2 45. Kh3 Qd1 46. Qf3 Qd2 47. g4 Qe1 48. g5 Nh7 49. Qd3 Nf8 50. Be4 Qc1 51. Qf3 Nh7 52. Bxh7 Kxh7 53. Qf7+ Kh8 54. Qf8+ Kh7 55. Qxe7+ Kg8 56. Qf7+ Kh8 57. e7 Qe3+ 58. Kg4 Qxg5+ 59. Kxg5 1/2-1/2

[Event "Heart of Finland op 29th"]
[Site "Jyvaskyla"]
[Date "2019.07.16"]
[Round "2"]
[White "Vihinen, Teemu"]
[Black "Lappi, Esa"]
[Result "1-0"]
[WhiteElo "2142"]
[BlackElo "1948"]
[PlyCount "121"]
[EventDate "2019.07.15"]
[EventType "swiss"]
[EventRounds "9"]
[EventCountry "FIN"]
[SourceTitle "EXT 2021"]
[Source "ChessBase"]
[SourceDate "2020.10.23"]
[SourceVersion "1"]
[SourceVersionDate "2020.10.23"]
[SourceQuality "1"]

1. e4 c5 2. c3 Nc6 3. d4 cxd4 4. cxd4 d5 5. exd5 Qxd5 6. Nf3 e6 7. Nc3 Bb4 8. Bd3 Nge7 9. 0-0 Bxc3 10. bxc3 0-0 11. Qc2 Ng6 12. Be4 Qd7 13. h4 Re8 14. h5 Nf8 15. h6 f6 16. Qb3 Na5 17. Qb4 Nc6 18. Qc5 Qe7 19. Qb5 a6 20. Qb3 Na5 21. Qa4 Nc6 22. Ba3 Qc7 23. hxg7 Qxg7 24. Qb3 Kh8 25. Rfe1 Ng6 26. Bd6 Rg8 27. g3 Qd7 28. Qa3 Nd8 29. Nd2 Nf7 30. Nc4 Qb5 31. Qb3 Qxb3 32. axb3 f5 33. Bg2 Rd8 34. Nb6 Nxd6 35. Nxa8 f4 36. Nb6 fxg3 37. fxg3 Nf5 38. Kh2 Ng7 39. Rac1 h5 40. Nxc8 Rxc8 41. Bxb7 Rb8 42. Bxa6 Rxb3 43. Bc4 Rb6 44. Bd3 Nf5 45. Bxf5 exf5 46. Rc2 Kg7 47. Rf1 Kf6 48. Rcf2 Ne7 49. Rd2 Nd5 50. Rf3 Kg5 51. Rdf2 Rf6 52. c4 Nb6 53. Rc3 Rc6 54. Rcf3 Rf6 55. c5 Nd5 56. Re2 Kg4 57. Rf1 h4 58. gxh4 f4 59. Re5 Nc3 60. Rg5+ Kxh4 61. Rfg1 1-0

[Event "Helsinki EtVaS op"]
[Site "Helsinki"]
[Date "2019.05.19"]
[Round "4"]
[White "Vihinen, Teemu"]
[Black "Lahdelma, Henri"]
[Result "0-1"]
[WhiteElo "2151"]
[BlackElo "2180"]
[PlyCount "106"]
[EventDate "2019.05.17"]
[EventType "swiss"]
[EventRounds "5"]
[EventCountry "FIN"]
[SourceTitle "CBM 195 Extra"]
[Source "ChessBase"]
[SourceDate "2020.05.31"]
[SourceVersion "1"]
[SourceVersionDate "2020.05.31"]
[SourceQuality "1"]

1. e4 e6 2. d4 d5 3. e5 c5 4. c3 Nc6 5. Nf3 Bd7 6. a3 Nge7 7. Bd3 cxd4 8. cxd4 Qb6 9. Bc2 Nf5 10. Bxf5 exf5 11. Nc3 Be6 12. 0-0 Be7 13. Qd3 Na5 14. Bg5 Rc8 15. Bxe7 Kxe7 16. Nd2 Qxb2 17. Rfc1 Qb6 18. Rab1 Qa6 19. Qxa6 bxa6 20. Na4 Rxc1+ 21. Rxc1 Rb8 22. Kf1 Bd7 23. Nc5 Rb2 24. Ke1 Bb5 25. a4 Bc4 26. Nxc4 Nxc4 27. Nd3 Ra2 28. Nf4 Nb6 29. Rc5 Rxa4 30. Nxd5+ Kd7 31. Ne3 Rxd4 32. Nxf5 Re4+ 33. Ne3 Ke6 34. Ra5 Ra4 35. Rc5 Kd7 36. Ke2 Ra2+ 37. Kf3 a5 38. Nf5 Ra3+ 39. Ke4 Ra4+ 40. Kf3 g6 41. Nd6 f6 42. Nb7 fxe5 43. Rxe5 Ra3+ 44. Kg4 a4 45. Ra5 Kc7 46. Nc5 Kb8 47. Na6+ Kb7 48. Nc5+ Ka8 49. h4 Ra2 50. g3 Rd2 51. f4 Rd4 52. Kf3 a3 53. Nb3 Rd3+ 0-1

[Event "FIN-chT1B 1819"]
[Site "Finland"]
[Date "2018.11.11"]
[Round "3.1"]
[White "Vihinen, Teemu"]
[Black "Von Wright, Aarne"]
[Result "1/2-1/2"]
[WhiteElo "2167"]
[BlackElo "2108"]
[PlyCount "20"]
[EventDate "2018.09.15"]
[EventType "team-tourn"]
[EventRounds "7"]
[EventCountry "FIN"]
[SourceTitle "EXT 2020"]
[Source "ChessBase"]
[SourceDate "2019.10.17"]
[SourceVersion "1"]
[SourceVersionDate "2019.10.17"]
[SourceQuality "1"]
[WhiteTeam "Vantaa EtVaS II"]
[BlackTeam "Jyvaskyla JyS II"]
[WhiteTeamCountry "FIN"]
[BlackTeamCountry "FIN"]

1. e4 Nf6 2. e5 Nd5 3. c4 Nb6 4. c5 Nd5 5. Bc4 e6 6. d4 c6 7. Nc3 b6 8. cxb6 axb6 9. Nge2 Be7 10. 0-0 0-0 1/2-1/2

[Event "FIN-chT 1819"]
[Site "Finland"]
[Date "2018.09.15"]
[Round "1.8"]
[White "Salopaa, Tero"]
[Black "Vihinen, Teemu"]
[Result "0-1"]
[WhiteElo "2099"]
[BlackElo "2167"]
[PlyCount "86"]
[EventDate "2018.09.15"]
[EventType "team-tourn"]
[EventRounds "11"]
[EventCountry "FIN"]
[SourceTitle "CBM 186 Extra"]
[Source "ChessBase"]
[SourceDate "2018.08.24"]
[SourceVersion "1"]
[SourceVersionDate "2018.08.24"]
[SourceQuality "1"]
[WhiteTeam "Turku TuTS"]
[BlackTeam "Vantaa EtVaS"]
[WhiteTeamCountry "FIN"]
[BlackTeamCountry "FIN"]

1. d4 e6 2. Nf3 f5 3. g3 Nf6 4. Bg2 d5 5. Bg5 Bd6 6. Nbd2 0-0 7. Ne5 c5 8. Nb3 cxd4 9. Qxd4 Nc6 10. Nxc6 bxc6 11. Bf4 Ne4 12. Bxd6 Qxd6 13. Bxe4 fxe4 14. 0-0-0 Qe7 15. h4 Qf6 16. Qxf6 Rxf6 17. Rhf1 Ba6 18. Kd2 Rb8 19. Nc5 Bc8 20. b3 Rb5 21. Na4 e5 22. f3 Bh3 23. Rf2 d4 24. Rh2 Bf5 25. Rf1 e3+ 26. Kc1 Ra5 27. Kb2 c5 28. Kb1 Rfa6 29. f4 e4 30. Nb2 c4 31. a4 cxb3 32. cxb3 Be6 33. b4 Rxa4 34. Nxa4 Rxa4 35. f5 Rxb4+ 36. Kc1 Bc4 37. Rd1 Bb3 38. Re1 a5 39. g4 a4 40. Kb2 Rc4 41. Rc1 a3+ 42. Kxb3 Rxc1 43. Kxa3 d3 0-1

[Event "Helsinki We EtVaS A"]
[Site "Helsinki"]
[Date "2018.05.06"]
[Round "4"]
[White "Vihinen, Teemu"]
[Black "Keinanen, Toivo"]
[Result "1/2-1/2"]
[WhiteElo "2161"]
[BlackElo "2357"]
[PlyCount "97"]
[EventDate "2018.05.04"]
[EventType "swiss"]
[EventRounds "5"]
[EventCountry "FIN"]
[SourceTitle "EXT 2022"]
[Source "ChessBase"]
[SourceDate "2021.10.06"]
[SourceVersion "1"]
[SourceVersionDate "2021.10.06"]
[SourceQuality "1"]

1. e4 e6 2. d4 d5 3. e5 c5 4. c3 Qb6 5. Nf3 Nc6 6. a3 Nh6 7. b4 cxd4 8. Bxh6 gxh6 9. cxd4 Bg7 10. Nc3 f6 11. Na4 Qc7 12. exf6 Bxf6 13. Ra2 0-0 14. Be2 Qg7 15. Rd2 e5 16. dxe5 Bxe5 17. Nxe5 Nxe5 18. Qb3 Qxg2 19. Qxd5+ Qxd5 20. Rxd5 Ng6 21. Rg1 Be6 22. Re5 Bf5 23. Rg3 Rac8 24. Rc5 b6 25. Rxc8 Rxc8 26. Rc3 Re8 27. Kd2 Rd8+ 28. Ke3 Re8+ 29. Kd2 Rd8+ 30. Ke3 Ne7 31. Bf3 Kf7 32. Nb2 Rd7 33. Nd3 Kf6 34. Nf4 Ke5 35. Nd3+ Kf6 36. Nf4 Kg5 37. Ne2 Bg6 38. Nd4 Kf6 39. Be4 h5 40. f4 h4 41. Nf3 Rd1 42. Rd3 Ra1 43. Bxg6 hxg6 44. Nxh4 Nf5+ 45. Nxf5 Kxf5 46. Rd5+ Ke6 47. Rd3 Kf5 48. Rd5+ Ke6 49. Rd3 1/2-1/2

[Event "Helsinki MatSK Weekend"]
[Site "Helsinki"]
[Date "2018.02.23"]
[Round "1"]
[White "Salmelin, Aaro"]
[Black "Vihinen, Teemu"]
[Result "1-0"]
[WhiteElo "1992"]
[BlackElo "2166"]
[PlyCount "115"]
[EventDate "2018.02.23"]
[EventType "swiss"]
[EventRounds "7"]
[EventCountry "FIN"]
[SourceTitle "EXT 2019"]
[Source "ChessBase"]
[SourceDate "2018.10.10"]
[SourceVersion "1"]
[SourceVersionDate "2018.10.10"]
[SourceQuality "1"]

1. d4 e6 2. Nf3 f5 3. Bf4 Nf6 4. e3 b6 5. Nbd2 Bb7 6. Bd3 Be7 7. h3 Ne4 8. Ne5 0-0 9. Nxe4 fxe4 10. Be2 d6 11. Nc4 Bf6 12. c3 Nd7 13. Qc2 Qe7 14. 0-0-0 e5 15. Bg3 exd4 16. cxd4 Bd5 17. Kb1 Bh4 18. Bf4 Bg5 19. g3 Bf6 20. h4 Rf7 21. Rc1 Nf8 22. Na3 a6 23. Bc4 Qe6 24. Bxd5 Qxd5 25. Qc6 Qxc6 26. Rxc6 Ne6 27. Rhc1 Re8 28. Nc2 h6 29. h5 Bd8 30. a3 Nxf4 31. gxf4 Rf5 32. Rh1 a5 33. Ka2 Ref8 34. Na1 Rd5 35. Nb3 Rff5 36. Nd2 Rxh5 37. Rg1 Rh2 38. Nxe4 Rf5 39. a4 h5 40. Ng5 Bxg5 41. Rxg5 Rxg5 42. fxg5 Rxf2 43. Rxc7 h4 44. g6 Kf8 45. Rc8+ Ke7 46. Rh8 Rh2 47. e4 Kf6 48. Kb3 Kxg6 49. Kc4 Kf7 50. Kd5 Ke7 51. Rh7 Kf8 52. Kxd6 g5 53. e5 Kg8 54. Rh5 Rg2 55. e6 Kg7 56. e7 Re2 57. Rxg5+ Kf6 58. Re5 1-0

[Event "FIN-chT 1718"]
[Site "Finland"]
[Date "2018.02.03"]
[Round "7.8"]
[White "Wikman, Jimmy"]
[Black "Vihinen, Teemu"]
[Result "1/2-1/2"]
[WhiteElo "2121"]
[BlackElo "2170"]
[PlyCount "134"]
[EventDate "2017.09.16"]
[EventType "team-tourn"]
[EventRounds "11"]
[EventCountry "FIN"]
[SourceTitle "EXT 2019"]
[Source "ChessBase"]
[SourceDate "2018.10.10"]
[SourceVersion "1"]
[SourceVersionDate "2018.10.10"]
[SourceQuality "1"]
[WhiteTeam "Karjaa KarjUra"]
[BlackTeam "Vantaa EtVaS"]
[WhiteTeamCountry "FIN"]
[BlackTeamCountry "FIN"]

1. e4 e6 2. Nf3 d5 3. exd5 exd5 4. d4 Bd6 5. Bd3 Ne7 6. Bg5 0-0 7. Nc3 c6 8. Ne2 f6 9. Bf4 Bf5 10. Bxf5 Nxf5 11. Qd3 Bxf4 12. Qxf5 Bh6 13. 0-0 Qd7 14. Qd3 Na6 15. c3 Nc7 16. Nh4 g6 17. Rae1 Nb5 18. h3 Nd6 19. Ng3 Rae8 20. Nf3 Rxe1 21. Rxe1 Re8 22. Rxe8+ Qxe8 23. b3 Qe6 24. Kf1 Kf7 25. Ne2 b5 26. g4 Qe4 27. Ne1 Qh1+ 28. Ng1 Qh2 29. Nef3 Qf4 30. Ne2 Qe4 31. Ne1 Bg5 32. f3 Qe6 33. Ng2 Bh6 34. h4 f5 35. g5 Bg7 36. Nef4 Qd7 37. Qe2 Qe7 38. Qf2 b4 39. cxb4 Nb5 40. Qe2 Nxd4 41. Qxe7+ Kxe7 42. Kf2 Kd6 43. Ne3 Be5 44. Nd3 Ne6 45. Ng2 Bd4+ 46. Ke2 Bc3 47. Ne3 Nd4+ 48. Kf2 Bd2 49. Nf1 Bc3 50. Ne3 Ke7 51. Kg3 Ne6 52. Nc2 Kd6 53. f4 c5 54. bxc5+ Nxc5 55. Nxc5 Kxc5 56. Kf3 Bb2 57. h5 Bc1 58. hxg6 hxg6 59. Ne3 Kd6 60. Ng2 Ke6 61. Nh4 Kf7 62. Ng2 Ke6 63. Nh4 Kf7 64. Ng2 Ke6 65. Ke2 Ba3 66. Kd3 Bc5 67. Nh4 Kf7 1/2-1/2

[Event "Helsinki We LauttSSK"]
[Site "Helsinki"]
[Date "2017.11.12"]
[Round "3.2"]
[White "Lahdelma, Henri"]
[Black "Vihinen, Teemu"]
[Result "1-0"]
[WhiteElo "2013"]
[BlackElo "2157"]
[PlyCount "67"]
[EventDate "2017.11.11"]
[EventType "swiss"]
[EventRounds "4"]
[EventCountry "FIN"]
[SourceTitle "EXT 2022"]
[Source "ChessBase"]
[SourceDate "2021.10.06"]
[SourceVersion "1"]
[SourceVersionDate "2021.10.06"]
[SourceQuality "1"]

1. d4 e6 2. c4 f5 3. g3 Nf6 4. Bg2 d5 5. Nh3 Bd6 6. 0-0 0-0 7. Qc2 Nc6 8. Rd1 h6 9. Nc3 Nb4 10. Qb3 dxc4 11. Qxc4 c6 12. f3 b5 13. Qb3 a5 14. a4 bxa4 15. Nxa4 g5 16. e4 Ne8 17. Bd2 Ng7 18. Bf1 Qc7 19. Nc5 Bxc5 20. dxc5 Ba6 21. Bxa6 Nxa6 22. Rxa5 fxe4 23. fxe4 Qf7 24. Qe3 Nc7 25. Rxa8 Rxa8 26. Bc3 Rf8 27. Nf2 Qe7 28. Ng4 Kh7 29. Be5 Nce8 30. Bd6 Nxd6 31. cxd6 Qb7 32. d7 Rd8 33. Qd4 c5 34. Qf6 1-0

[Event "Helsinki We LauttSSK"]
[Site "Helsinki"]
[Date "2017.11.11"]
[Round "2.3"]
[White "Vihinen, Teemu"]
[Black "Olander, Aleksi"]
[Result "1/2-1/2"]
[WhiteElo "2157"]
[BlackElo "2038"]
[PlyCount "20"]
[EventDate "2017.11.11"]
[EventType "swiss"]
[EventRounds "4"]
[EventCountry "FIN"]
[SourceTitle "EXT 2022"]
[Source "ChessBase"]
[SourceDate "2021.10.06"]
[SourceVersion "1"]
[SourceVersionDate "2021.10.06"]
[SourceQuality "1"]

1. e4 d5 2. exd5 Qxd5 3. Nc3 Qd8 4. d4 Nf6 5. Nf3 Bg4 6. Be2 c6 7. h3 Bxf3 8. Bxf3 e6 9. 0-0 Qc7 10. Ne2 Nbd7 1/2-1/2

[Event "FIN-chT 1718"]
[Site "Finland"]
[Date "2017.10.22"]
[Round "4.8"]
[White "Linden, Lari"]
[Black "Vihinen, Teemu"]
[Result "1/2-1/2"]
[WhiteElo "2127"]
[BlackElo "2170"]
[PlyCount "41"]
[EventDate "2017.09.16"]
[EventType "team-tourn"]
[EventRounds "11"]
[EventCountry "FIN"]
[SourceTitle "EXT 2019"]
[Source "ChessBase"]
[SourceDate "2018.10.10"]
[SourceVersion "1"]
[SourceVersionDate "2018.10.10"]
[SourceQuality "1"]
[WhiteTeam "Turku TuTS"]
[BlackTeam "Vantaa EtVaS"]
[WhiteTeamCountry "FIN"]
[BlackTeamCountry "FIN"]

1. d4 e6 2. c4 f5 3. Nf3 Nf6 4. g3 d5 5. Bg2 Bd6 6. 0-0 0-0 7. Nc3 c6 8. Qc2 Qe7 9. Bg5 h6 10. Bf4 Bxf4 11. gxf4 Nbd7 12. Ne5 Nxe5 13. fxe5 Ne4 14. Nxe4 fxe4 15. f3 exf3 16. Rxf3 Rxf3 17. Bxf3 Bd7 18. Kh1 Rf8 19. Rg1 Be8 20. cxd5 cxd5 21. Qd2 1/2-1/2

[Event "FIN-chT1B 1718"]
[Site "Finland"]
[Date "2017.10.21"]
[Round "3.1"]
[White "Fieandt, John"]
[Black "Vihinen, Teemu"]
[Result "1/2-1/2"]
[WhiteElo "2155"]
[BlackElo "2170"]
[PlyCount "43"]
[EventDate "2017.09.16"]
[EventType "team-tourn"]
[EventRounds "7"]
[EventCountry "FIN"]
[SourceTitle "EXT 2020"]
[Source "ChessBase"]
[SourceDate "2019.10.17"]
[SourceVersion "1"]
[SourceVersionDate "2019.10.17"]
[SourceQuality "1"]
[WhiteTeam "Jyvaskyla JyS II"]
[BlackTeam "Vantaa EtVaS II"]
[WhiteTeamCountry "FIN"]
[BlackTeamCountry "FIN"]

1. e4 e6 2. d4 d5 3. Nc3 Bb4 4. e5 c5 5. a3 Bxc3+ 6. bxc3 Qc7 7. Qg4 f5 8. Qg3 cxd4 9. cxd4 Ne7 10. Ne2 0-0 11. c3 Ng6 12. Rb1 b6 13. h4 Rf7 14. h5 Nf8 15. Nf4 Ba6 16. Bxa6 Nxa6 17. Qd3 Nb8 18. a4 Nbd7 19. Rh3 Rc8 20. Qb5 Qc4 21. Rb4 Qc6 22. Ba3 1/2-1/2

[Event "EU-Cup 33rd"]
[Site "Antalya"]
[Date "2017.10.13"]
[Round "6.6"]
[White "Mahmuti, Ajet"]
[Black "Vihinen, Teemu"]
[Result "0-1"]
[WhiteElo "1981"]
[BlackElo "2164"]
[PlyCount "64"]
[EventDate "2017.10.08"]
[EventType "team-swiss"]
[EventRounds "7"]
[EventCountry "TUR"]
[SourceTitle "CBM 181"]
[Source "ChessBase"]
[SourceDate "2017.11.10"]
[SourceVersion "1"]
[SourceVersionDate "2017.11.10"]
[SourceQuality "1"]
[WhiteTeam "Dardania"]
[BlackTeam "Etela Vantaan"]
[WhiteTeamCountry "KOS"]
[BlackTeamCountry "FIN"]

1. e4 e6 2. d4 d5 3. Nd2 h6 4. Ngf3 Nf6 5. e5 Nfd7 6. c3 c5 7. Bd3 Nc6 8. 0-0 g5 9. Bb5 cxd4 10. Nxd4 Qb6 11. Bxc6 bxc6 12. Re1 Bg7 13. f4 c5 14. N4b3 a5 15. a4 Rb8 16. Ra3 Ba6 17. Na1 Bd3 18. Rb3 Qa7 19. Rxb8+ Nxb8 20. fxg5 c4+ 21. Kh1 hxg5 22. Nf3 g4 23. Nd4 g3 24. h3 Be4 25. Qg4 Bxe5 26. Be3 Qd7 27. Bf4 Bxd4 28. cxd4 Nc6 29. Bxg3 f5 30. Qg6+ Qf7 31. Qxf7+ Kxf7 32. Kh2 Rg8 0-1

[Event "FIN-chT2 Gp2 1516"]
[Site "Finland"]
[Date "2016.03.12"]
[Round "6.1"]
[White "Vihinen, Teemu"]
[Black "Taipale, Reijo"]
[Result "1-0"]
[WhiteElo "2150"]
[BlackElo "1840"]
[PlyCount "69"]
[EventDate "2015.09.12"]
[EventType "team-tourn"]
[EventRounds "6"]
[EventCountry "FIN"]
[SourceTitle "EXT 2022"]
[Source "ChessBase"]
[SourceDate "2021.10.06"]
[SourceVersion "1"]
[SourceVersionDate "2021.10.06"]
[SourceQuality "1"]
[WhiteTeam "Vantaa EtVaS II"]
[BlackTeam "Helsinki HSK IV"]
[WhiteTeamCountry "FIN"]
[BlackTeamCountry "FIN"]

1. e4 g6 2. d4 Bg7 3. Nc3 e6 4. Be3 d6 5. Qd2 h6 6. g3 Ne7 7. Bg2 Nd7 8. Nge2 Nb6 9. b3 Bd7 10. a4 a5 11. Rd1 Qc8 12. 0-0 Kf8 13. Nb5 Bxb5 14. axb5 a4 15. Qb4 axb3 16. Qxb3 Nd7 17. c4 Kg8 18. c5 Kh7 19. cxd6 cxd6 20. Qb4 Qb8 21. Bf4 Nc8 22. Rc1 e5 23. Be3 Ncb6 24. Rfd1 Re8 25. dxe5 dxe5 26. Bh3 Bf8 27. Qb3 Re7 28. Rd2 Qe8 29. Qd1 Re6 30. Rc7 Bb4 31. Rd3 Ra2 32. Nc1 Ra1 33. Bxe6 Qxe6 34. Rdxd7 Nxd7 35. Qxd7 1-0

[Event "FIN Team Cup"]
[Site "Finland"]
[Date "2013.09.08"]
[Round "6.6"]
[White "Hokkanen, Petri"]
[Black "Vihinen, Teemu"]
[Result "1-0"]
[WhiteElo "2298"]
[BlackElo "2139"]
[PlyCount "97"]
[EventDate "2013.04.06"]
[EventType "team-k.o."]
[EventRounds "6"]
[EventCountry "FIN"]
[SourceTitle "EXT 2022"]
[Source "ChessBase"]
[SourceDate "2021.10.06"]
[SourceVersion "1"]
[SourceVersionDate "2021.10.06"]
[SourceQuality "1"]
[WhiteTeam "Velhot"]
[BlackTeam "Vantaa EtVaS"]
[WhiteTeamCountry "FIN"]
[BlackTeamCountry "FIN"]

1. e4 e6 2. d4 d5 3. e5 c5 4. c3 Nc6 5. Nf3 Bd7 6. dxc5 Qc7 7. Bf4 Bxc5 8. b4 Bf8 9. Bd3 Nge7 10. Qe2 h6 11. h4 g6 12. 0-0 Bg7 13. Re1 a6 14. Nbd2 0-0 15. a3 Na7 16. c4 b5 17. c5 Nac6 18. Rab1 f6 19. Bg3 f5 20. Bf4 Nd8 21. Nb3 Nec6 22. Nbd4 Nxd4 23. Nxd4 Nc6 24. Nf3 Nd8 25. Rec1 Bc6 26. a4 Qb7 27. axb5 Bxb5 28. Nd4 Bc6 29. b5 axb5 30. Bxb5 Qd7 31. Bxc6 Nxc6 32. Nxc6 Qxc6 33. Rb6 Qa4 34. Qd2 Rfe8 35. Bxh6 Bxe5 36. Re1 Qxh4 37. Rxe5 Ra1+ 38. Re1 Rxe1+ 39. Qxe1 Qxh6 40. Rb7 Qf4 41. c6 Qd6 42. Qc1 e5 43. Rd7 Qe6 44. Qh6 Re7 45. Rd8+ Re8 46. c7 Kf7 47. Qh7+ Kf6 48. Qh4+ Kg7 49. Qa4 1-0